000 nam a22 a 4500
999 _c3042
_d3042
003 AKMAL
005 20170519101914.0
008 170519s1992 my a | a001 0 may d
020 _a9836232877 (kkt.) :
_cRM 65.00
039 9 _a200509291237
_brozlinah
_c200508180838
_dazuandy
_c200508180838
_dazuandy
_c200508160938
_dazuandy
040 _aAKMAL
_cAKMAL
049 0 0 _amal
082 0 4 _a658.152 HOR
_222
090 0 0 _a658.152
_bHOR
090 2 0 _a658.152
_bHOR
100 1 _aVan Horne, James C.
_96310
245 1 0 _aAsas pengurusan kewangan /
_cJames C.Van Horne ; terjemahan Ismail Ibrahim, Yusuf Muhammad
260 _aKuala Lumpur :
_bDewan Bahasa dan Pustaka,
_c1987
300 0 0 _axiv, 607ms. :
_bil. ;
_c24cm.
500 _aMengandungi indeks
650 0 _aBusiness enterprises
_xFinance
_91990
650 0 _aCorporations
_xFinance
_96090
700 0 _aIsmail Ibrahim
_9193
700 0 _aYusuf Muhammad
_96341
942 _2ddc
_cBOOK